000 00352nam a2200133Ia 4500
005 20251222144626.0
008 251222s9999||||xx |||||||||||||| ||spa||
020 _a84-96477-62-2
082 _a658.15/F41
100 _aFérnandez Férnandez, Loreto
245 0 _aLa Práctica de las Finanzas de Empresa
264 _bDelta Publicaciones
942 _cLIB
999 _c16113
_d16113